00914nam a2200205 a 450000100100000000500170001000800410002704000250006808200160009310000290010924000400013824501220017826000410030030000210034150000270036259000750038970000400046495201870050499900170069100003525820200930074218.0111026s1957 sp 000 0 spa d aDO-SdBNPbspacBNPHU axxxxbK924p1 akretschmer, Ernst96101410aMedizinische psychologielEspañol10aPsicología médica. /cErnst kretschmer ; traducción de la décima edición alemana por José Solé Sagarra. aBarcelona :bEditorial Labor,c1957. a330 p. ;c23 cm. aTraducido del alemán aPerteneció a la biblioteca personal de Juan Isidro Jimenes Grullón1 aSolé Sagarra, José,etr.961015 001050718MOaGRbGRcCTd2011-10-26iLF1l0oxxxx K924pp35258-10r2020-06-25w2020-06-25y1zPerteneció a la biblioteca personal de Juan Isidro Jimenes -GrullónZNo se presta c34749d34749